000 01705nam0a2200313 4500
001 RU\NLR\BIBL_A\022286498
005 20260420012912.0
010 _a978-5-91954-273-5
021 _aRU
_bКН-П-24-032909
_9КН-П-24-3326
035 _a(NLR Aleph) 022286498
090 _a13661744
_c13661744
100 _a20240730d2023 u y0rusy50 ca
101 0 _arus
102 _aRU
105 _aa j 000yy
181 0 _ai3
_baxxe
182 0 _an
200 1 _aОхрана труда
_eучебник
_eпо специальности 13.02.03 "Электрические станции, сети и системы" ("Эксплуатация средств электроснабжения объектов специального назначения")
_fА. В. Волков
_gФилиал Военной академии РВСН имени Петра Великого в г. Серпухове
203 _aТекст
_bвизуальный
_cнепосредственный
210 _aСерпухов
_cИзд-во филиала Военной академии РВСН имени Петра Великого
_d2023 (печ. 2022)
215 _a161 с.
_cил., табл.
_d21
320 _aБиблиогр.: с. 161 (12 назв.)
606 1 _aОхрана труда
_jУчебники для среднего профессионального образования
_yРоссийская Федерация
_92073919
_3RU\NLR\AUTH\661248877
686 1 _aУ24(2)7я723
700 1 _7ca
_8rus
_aВолков
_bА. В.
_cпедагог, охрана труда
_92642109
_3RU\NLR\AUTH\770272194
942 _cBOOK
980 _aNB